000 02538nam a2200349 i 4500
001 768714001
003 CO-MdFUSB
005 20220711144007.0
007 ta
008 111011t2012 dcu sb 101 0 eng d
020 _z1589019148
040 _aMiAaPQ
_cCO-MdFUSB
_dMiAaPQ
_bspa
_erda
041 _aeng
082 _223
_a262.27
_bSCI416
245 1 0 _aScience and religion :
_bchristian and muslim perspectives
_c/ editado por David Marshall
264 1 _aWashington, D.C. :
_bGeorgetown University Press,
_c[2012]
264 4 _c© 2012
300 _a189 páginas
_c; 23 cm
336 _2rdacontent
_atexto
_btxt
337 _2rdamedia
_asin mediación
_bn
338 _2rdacarrier
_avolumen
_bnc
504 _aIncluye referencias bibliográficas e indice.
505 _aCubrir; Contenido; Participantes; Introducción; Construyendo puentes en Estambul; Parte uno, Encuestas; La ciencia y la tradición cristiana: una breve descripción general; Ciencia y Religión en la Historia del Islam; Ciencia y Creencia Religiosa en el Mundo Moderno: Desafíos y Oportunidades; Parte II; Textos y comentarios; Textos Bíblicos; Comentario; ¿Qué es la creación? Perspectivas sutiles de Génesis 1 sobre el orden del mundo; Textos Coránicos; Comentario; Textos Cristianos Clásicos; Comentario: Ciencia y Religión en la Tradición Cristiana Clásica; Comentario de textos islámicos clásicos: la importancia de al-Ghazalı e Ibn Rushd en la historia del discurso islámico sobre religión y ciencia Charles Darwin; Introducción a Darwin y los Textos Seleccionados; Primeros puntos de vista árabes de Darwin; Textos islámicos modernos; Introducción a Qutb y al-Sha'rawı; el Papa Juan Pablo II.
520 _aCiencia y Religión es un registro del seminario Construyendo Puentes de 2009, un diálogo entre destacados eruditos cristianos y musulmanes convocado anualmente por el Arzobispo de Canterbury. Los ensayos de este volumen exploran cómo ambas tradiciones religiosas han abordado la interfaz entre la ciencia y la religión y arrojan luz sobre los desafíos actuales que plantea este problema en la actualidad. El volumen incluye una selección de textos relevantes junto con comentarios que iluminan las escrituras, las ideas de pensadores religiosos clave y también el legado de Charles Darwin.
563 _aRústico
650 7 _aTeología doctrinal
_9179
650 7 _aReligión y ciencia
_9259
700 1 _aMarshall, David,
_d1963-
_eeditor
942 _cBK
945 _aJTF-925
999 _c67652
_d67652